[Event "Plzen op 5th"]
[Site "Plzen"]
[Date "2013.11.26"]
[Round "3"]
[White "Paldus, Petr"]
[Black "Nad, Boris"]
[Result "1-0"]
[WhiteElo "2022"]
[BlackElo "1809"]
[PlyCount "107"]
[EventDate "2013.11.24"]
[EventType "swiss"]
[EventRounds "7"]
[EventCountry "CZE"]
[SourceTitle "CBM 157 Extra"]
[Source "ChessBase"]
[SourceDate "2013.12.19"]
[SourceVersion "1"]
[SourceVersionDate "2013.12.19"]
[SourceQuality "1"]

1. e4 e5 2. Nf3 Nc6 3. Nc3 Nf6 4. d4 exd4 5. Nxd4 d6 6. Nxc6 bxc6 7. Bd3 Bg4 8. f3 Bd7 9. 0-0 Be7 10. f4 0-0 11. h3 d5 12. Be3 Nxe4 13. Nxe4 dxe4 14. Bxe4 Bf6 15. Bd4 Bxd4+ 16. Qxd4 Be8 17. Rad1 Qxd4+ 18. Rxd4 Rb8 19. b3 c5 20. Rd2 Rb6 21. Rd8 Re6 22. Bd3 g6 23. Ra8 a6 24. Bxa6 Bc6 25. Rxf8+ Kxf8 26. Bd3 Bd5 27. a4 Rc6 28. a5 c4 29. bxc4 Be6 30. Ra1 Ra6 31. c5 Ra7 32. a6 Bc8 33. Kf2 Ke7 34. Ke3 Kd7 35. Kd4 f6 36. h4 c6 37. f5 Ke7 38. fxg6 hxg6 39. Bxg6 Rxa6 40. Rxa6 Bxa6 41. Be4 Bb5 42. g4 Ke6 43. c4 Ba4 44. Kc3 Bd1 45. Bf5+ Ke7 46. g5 fxg5 47. hxg5 Bh5 48. Kd4 Be8 49. Ke5 Bf7 50. Bd3 Bg8 51. g6 Be6 52. g7 Bg8 53. Bg6 Bxc4 54. Bh7 1-0

[Event "Plzen op 5th"]
[Site "Plzen"]
[Date "2013.11.24"]
[Round "1"]
[White "Piankov, Evgenij"]
[Black "Nad, Boris"]
[Result "1-0"]
[WhiteElo "2264"]
[BlackElo "1809"]
[PlyCount "42"]
[EventDate "2013.11.24"]
[EventType "swiss"]
[EventRounds "7"]
[EventCountry "CZE"]
[SourceTitle "CBM 157 Extra"]
[Source "ChessBase"]
[SourceDate "2013.12.19"]
[SourceVersion "1"]
[SourceVersionDate "2013.12.19"]
[SourceQuality "1"]

1. d4 d5 2. Nf3 Bf5 3. c4 c6 4. Nc3 dxc4 5. e4 Bg4 6. Bxc4 e6 7. Be3 Nd7 8. h3 Bh5 9. 0-0 Ngf6 10. d5 exd5 11. exd5 cxd5 12. Nxd5 Nxd5 13. Qxd5 Bg6 14. Rfe1 Be7 15. Rad1 Rc8 16. Bb5 0-0 17. Bxd7 Rc2 18. Qxb7 Bf6 19. Bf5 Qb8 20. Qxb8 Rxb8 21. Bxc2 Bxc2 1-0

[Event "Marianske Lazne Seniors op"]
[Site "Marianske Lazne"]
[Date "2013.01.25"]
[Round "8"]
[White "Nad, Boris"]
[Black "Vorobyov, Yurij"]
[Result "1/2-1/2"]
[WhiteElo "1815"]
[BlackElo "2239"]
[PlyCount "33"]
[EventDate "2013.01.18"]
[EventType "swiss"]
[EventRounds "9"]
[EventCountry "CZE"]
[SourceTitle "EXT 2014"]
[Source "ChessBase"]
[SourceDate "2013.11.20"]
[SourceVersion "1"]
[SourceVersionDate "2013.11.20"]
[SourceQuality "1"]

1. e4 c5 2. Nf3 e6 3. c4 Nc6 4. d4 cxd4 5. Nxd4 Nf6 6. Nc3 Bb4 7. Nxc6 dxc6 8. Qc2 e5 9. Be2 0-0 10. Bg5 h6 11. Bd2 a5 12. 0-0 Qe7 13. a3 Bc5 14. Na4 Bd7 15. Rab1 b5 16. cxb5 cxb5 17. Bxb5 1/2-1/2

[Event "Plzen op 4th"]
[Site "Plzen"]
[Date "2012.11.20"]
[Round "3"]
[White "Nad, Boris"]
[Black "Waisberg, Arnold"]
[Result "0-1"]
[WhiteElo "1791"]
[BlackElo "1965"]
[PlyCount "68"]
[EventDate "2012.11.18"]
[EventType "swiss"]
[EventRounds "7"]
[EventCountry "CZE"]
[SourceTitle "CBM 151 Extra"]
[Source "ChessBase"]
[SourceDate "2012.12.18"]
[SourceVersion "1"]
[SourceVersionDate "2012.12.18"]
[SourceQuality "1"]

1. e4 e5 2. Nf3 Nc6 3. Bc4 Nf6 4. Ng5 d5 5. exd5 Na5 6. Bb5+ c6 7. dxc6 bxc6 8. Be2 h6 9. Nf3 e4 10. Ne5 Bd6 11. d4 exd3 12. Nxd3 Qc7 13. h3 0-0 14. Nc3 Rb8 15. 0-0 c5 16. b3 Rd8 17. Bd2 c4 18. bxc4 Nxc4 19. Rb1 Nxd2 20. Qxd2 Qd7 21. Qe3 Re8 22. Qd2 Bb4 23. Rb3 Ne4 24. Rxb4 Nxd2 25. Rxb8 Nxf1 26. Bxf1 Qc7 27. Rb3 Ba6 28. Ra3 Bxd3 29. cxd3 Re1 30. Rb3 Qf4 31. Nd5 Qd2 32. Ne3 Ra1 33. Rb8+ Kh7 34. Nf5 Rxf1+ 0-1

[Event "Plzen op 4th"]
[Site "Plzen"]
[Date "2012.11.18"]
[Round "1"]
[White "Nad, Boris"]
[Black "Halldorsson, Jon Arni"]
[Result "0-1"]
[WhiteElo "1791"]
[BlackElo "2196"]
[PlyCount "168"]
[EventDate "2012.11.18"]
[EventType "swiss"]
[EventRounds "7"]
[EventCountry "CZE"]
[SourceTitle "CBM 151 Extra"]
[Source "ChessBase"]
[SourceDate "2012.12.18"]
[SourceVersion "1"]
[SourceVersionDate "2012.12.18"]
[SourceQuality "1"]

1. e4 e6 2. c4 d5 3. cxd5 exd5 4. exd5 Nf6 5. Bb5+ Nbd7 6. Nc3 Bd6 7. Nf3 0-0 8. 0-0 Nb6 9. d4 h6 10. h3 Nbxd5 11. Bc4 Nb6 12. Bb3 c6 13. Re1 Bc7 14. Qd3 Nbd5 15. Nxd5 Nxd5 16. Bc2 Nf6 17. Bd2 Be6 18. Re2 Qd6 19. Bb3 Bd5 20. Bxd5 Nxd5 21. Rae1 Rad8 22. a3 Bb6 23. b4 a6 24. Qf5 Bc7 25. Qg4 Qd7 26. Qxd7 Rxd7 27. g3 f6 28. Re8 Kf7 29. R8e6 Rfd8 30. Kg2 h5 31. h4 Re7 32. R6e4 Bb6 33. Kf1 Rd6 34. Rxe7+ Nxe7 35. Re4 Re6 36. Re2 Nf5 37. Be3 Rd6 38. Rd2 Rd5 39. Ke2 Ke6 40. Kd3 Ba7 41. a4 Rd7 42. Rb2 b5 43. axb5 axb5 44. Ra2 Kd5 45. Ra6 Rb7 46. Ra1 Bb6 47. Ra6 Bc7 48. Ra8 Rb8 49. Ra7 Bb6 50. Ra1 Rb7 51. Ra6 Rb8 52. Ra1 Bc7 53. Ra7 Bd6 54. Bd2 Re8 55. Ra6 Re7 56. Ra8 Bc7 57. Rh8 g6 58. Rc8 Bb6 59. Ra8 Bxd4 60. Nxd4 Nxd4 61. Bc3 Ne6 62. f4 Rf7 63. Rc8 c5 64. Rg8 c4+ 65. Ke3 Nf8 66. Kf3 f5 67. Bg7 Ne6 68. Bc3 Ra7 69. Ke3 Ra3 70. Kd2 Ra2+ 71. Kc1 Rg2 72. Be1 Kd4 73. Rxg6 Nxf4 74. Rd6+ Nd5 75. Rd8 Rg1 76. Kd2 c3+ 77. Ke2 Kc4 78. Kf2 Rh1 79. Ke2 Rh2+ 80. Kd1 c2+ 81. Kc1 Nxb4 82. Rc8+ Kd3 83. Rc3+ Ke4 84. Kb2 c1Q+ 0-1

[Event "Liberec op 13th"]
[Site "Liberec"]
[Date "2012.10.20"]
[Round "1"]
[White "Happel, Henk"]
[Black "Nad, Boris"]
[Result "1-0"]
[WhiteElo "2131"]
[BlackElo "1791"]
[PlyCount "89"]
[EventDate "2012.10.20"]
[EventType "swiss"]
[EventRounds "9"]
[EventCountry "CZE"]
[SourceTitle "EXT 2013"]
[Source "ChessBase"]
[SourceDate "2012.11.22"]
[SourceVersion "1"]
[SourceVersionDate "2012.11.22"]
[SourceQuality "1"]

1. d4 Nf6 2. c4 e5 3. d5 Bc5 4. Nc3 0-0 5. Nf3 d6 6. Bg5 Nbd7 7. e3 h6 8. Bh4 g5 9. Bg3 Nh5 10. Nd2 Ndf6 11. Bd3 Bg4 12. Qc2 Qe7 13. Na4 Bb6 14. Nxb6 axb6 15. f3 Bd7 16. Bf2 Ba4 17. b3 Bd7 18. Bf5 Ng7 19. Bxd7 Qxd7 20. 0-0 Qf5 21. e4 Qg6 22. b4 Ngh5 23. g3 Ne8 24. c5 bxc5 25. bxc5 Nhg7 26. g4 Nf6 27. Qb3 Rfb8 28. Rfc1 Nge8 29. Rc4 Nd7 30. cxd6 Qxd6 31. Rc3 c5 32. dxc6 bxc6 33. Qc2 Ra6 34. Nc4 Qe7 35. Ne3 Ng7 36. Rxc6 Rxc6 37. Qxc6 Rb6 38. Qc8+ Kh7 39. Nd5 Qd6 40. Bxb6 Nxb6 41. Qc2 Ne6 42. Rd1 Nd4 43. Rxd4 exd4 44. e5+ Qg6 45. Qxg6+ 1-0

[Event "Marianske Lazne op 11th"]
[Site "Marianske Lazne"]
[Date "2012.01.21"]
[Round "1"]
[White "Nad, Boris"]
[Black "Chetverik, Maxim"]
[Result "1-0"]
[WhiteElo "1835"]
[BlackElo "2273"]
[PlyCount "87"]
[EventDate "2012.01.21"]
[EventType "swiss"]
[EventRounds "9"]
[EventCountry "CZE"]
[SourceTitle "CBM 146 Extra"]
[Source "ChessBase"]
[SourceDate "2012.02.29"]
[SourceVersion "1"]
[SourceVersionDate "2012.02.29"]
[SourceQuality "1"]

1. e4 a6 2. Nf3 b5 3. c4 Bb7 4. Qc2 b4 5. d4 e6 6. Be3 Nf6 7. Bd3 d5 8. cxd5 exd5 9. e5 Ne4 10. Nbd2 f5 11. exf6 Nxf6 12. Ne5 Qe7 13. Ndf3 Nbd7 14. Qxc7 Nxe5 15. Qxe7+ Bxe7 16. Nxe5 Nd7 17. Nxd7 Kxd7 18. Bf5+ Kd8 19. Rc1 g6 20. Bd3 Rf8 21. h4 Bc8 22. Rc6 Bf5 23. Rxa6 Kc7 24. Rxa8 Rxa8 25. Bxf5 gxf5 26. Kd2 Rxa2 27. Kc2 Ra6 28. g3 Rc6+ 29. Kb3 Kb6 30. Ra1 Rc4 31. Ra8 f4 32. Bxf4 Rxd4 33. Be3 Kb7 34. Bxd4 Kxa8 35. Ka4 Kb7 36. Kb5 b3 37. Ka4 Kc6 38. Kxb3 Kb5 39. h5 Bd6 40. Kc3 Ka4 41. f4 Bb4+ 42. Kd3 Be1 43. g4 Kb3 44. g5 1-0

[Event "Plzen op 3rd"]
[Site "Plzen"]
[Date "2011.11.19"]
[Round "1"]
[White "Ernst, Michael"]
[Black "Nad, Boris"]
[Result "1-0"]
[WhiteElo "2164"]
[BlackElo "1827"]
[PlyCount "49"]
[EventDate "2011.11.19"]
[EventType "swiss"]
[EventRounds "9"]
[EventCountry "CZE"]
[SourceTitle "CBM 145 Extra"]
[Source "ChessBase"]
[SourceDate "2012.01.03"]
[SourceVersion "1"]
[SourceVersionDate "2012.01.03"]
[SourceQuality "1"]

1. d4 Nf6 2. c4 e5 3. dxe5 Ng4 4. Bf4 Nc6 5. Nf3 Bb4+ 6. Nbd2 Qe7 7. a3 Ncxe5 8. Nxe5 Nxe5 9. e3 Bxd2+ 10. Qxd2 d6 11. Be2 Bd7 12. Rc1 Bc6 13. 0-0 h5 14. b4 Ng6 15. c5 Nxf4 16. exf4 0-0-0 17. Rfe1 dxc5 18. Qc2 Qf6 19. Qxc5 Qg6 20. Bf1 Rhe8 21. Rxe8 Rxe8 22. b5 Re6 23. f5 b6 24. Qf8+ Re8 25. Qxe8+ 1-0

[Event "Zdar nad Sazavou Vysocina op 8th"]
[Site "Zdar nad Sazavou"]
[Date "2011.09.29"]
[Round "7"]
[White "Jiruse, Josef"]
[Black "Nad, Boris"]
[Result "1-0"]
[WhiteElo "2042"]
[BlackElo "1830"]
[PlyCount "81"]
[EventDate "2011.09.24"]
[EventType "swiss"]
[EventRounds "9"]
[EventCountry "CZE"]
[SourceTitle "CBM 144 Extra"]
[Source "ChessBase"]
[SourceDate "2011.10.28"]
[SourceVersion "1"]
[SourceVersionDate "2011.10.28"]
[SourceQuality "1"]

1. c4 e5 2. Nc3 Nf6 3. e4 Be7 4. Bd3 d6 5. Bc2 Nc6 6. Ba4 0-0 7. Bxc6 bxc6 8. d4 exd4 9. Qxd4 Be6 10. Nge2 d5 11. Nf4 dxe4 12. Nxe6 fxe6 13. Be3 c5 14. Qd1 c6 15. Qe2 Qc7 16. 0-0-0 Rad8 17. g3 Rxd1+ 18. Rxd1 Rd8 19. Bf4 e5 20. Bg5 Rxd1+ 21. Qxd1 Nd5 22. cxd5 Bxg5+ 23. Kc2 cxd5 24. Qxd5+ Qf7 25. Qxc5 e3 26. Qc8+ Qf8 27. Qxf8+ Kxf8 28. f3 Be7 29. Kd3 Bc5 30. Nd5 Kf7 31. Nxe3 Ke6 32. Ke4 g5 33. Nc4 Bd4 34. b4 h5 35. h3 Bf2 36. g4 hxg4 37. hxg4 Bd4 38. a4 Bc3 39. b5 Bd4 40. a5 Kf6 41. Kd5 1-0

[Event "Hradec Kralove Sten op"]
[Site "Hradec Kralove"]
[Date "2011.05.15"]
[Round "9"]
[White "Johnova, Eliska"]
[Black "Nad, Boris"]
[Result "1-0"]
[WhiteElo "1721"]
[BlackElo "1911"]
[PlyCount "41"]
[EventDate "2011.05.08"]
[EventType "swiss"]
[EventRounds "9"]
[EventCountry "CZE"]
[SourceTitle "CBM 142 Extra"]
[Source "ChessBase"]
[SourceDate "2011.06.27"]
[SourceVersion "1"]
[SourceVersionDate "2011.06.27"]
[SourceQuality "1"]

1. e4 e5 2. Nc3 Bc5 3. Bc4 Qf6 4. Nf3 Ne7 5. d3 Nbc6 6. 0-0 a6 7. Bg5 Qg6 8. Qd2 d6 9. Ne2 Bg4 10. Nh4 Bxe2 11. Nxg6 hxg6 12. Qxe2 f6 13. Be3 Nd4 14. Bxd4 Bxd4 15. c3 Bb6 16. Be6 Rh5 17. Rac1 Nc6 18. Qg4 Rg5 19. Bd7+ Kf8 20. Qe6 Nd8 21. Qe8# 1-0

[Event "Plzen op 2nd"]
[Site "Plzen"]
[Date "2010.12.07"]
[Round "5"]
[White "Nad, Boris"]
[Black "Frantsuzova, Lyudmila Nikola"]
[Result "0-1"]
[WhiteElo "1892"]
[BlackElo "1836"]
[PlyCount "80"]
[EventDate "2010.12.04"]
[EventType "swiss"]
[EventRounds "9"]
[EventCountry "CZE"]
[SourceTitle "CBM 139 Extra"]
[Source "ChessBase"]
[SourceDate "2011.01.05"]
[SourceVersion "1"]
[SourceVersionDate "2011.01.05"]
[SourceQuality "1"]

1. e4 c5 2. f4 Nc6 3. Nf3 e6 4. c4 d6 5. Be2 Nf6 6. Nc3 Bd7 7. d4 cxd4 8. Nxd4 e5 9. Nxc6 Bxc6 10. Bf3 Qa5 11. Qe2 a6 12. 0-0 exf4 13. Bxf4 Qc5+ 14. Kh1 Be7 15. Nd5 Bxd5 16. exd5 Kd7 17. b4 Qd4 18. Rfd1 Qxf4 19. c5 Rhe8 20. c6+ Kc7 21. cxb7 Kxb7 22. b5 a5 23. b6 Rac8 24. Qd3 Bd8 25. Be2 Rxe2 26. Qxe2 Rc5 27. Rab1 Qe5 28. Qf3 Rc3 29. Qf2 Re3 30. h3 Re2 31. Qf3 Rb2 32. Rxb2 Qxb2 33. Qd3 Qb4 34. Rc1 Bxb6 35. Qf5 Ka7 36. Qc8 Nxd5 37. Qd7+ Bc7 38. Qxf7 Qb7 39. Qxg7 Bb6 40. Rf1 Qxg7 0-1

[Event "Cesky Krumlov op 4th"]
[Site "Cesky Krumlov"]
[Date "2010.11.25"]
[Round "5"]
[White "Nad, Boris"]
[Black "Nemcova, Karolina"]
[Result "0-1"]
[WhiteElo "1892"]
[BlackElo "1983"]
[PlyCount "102"]
[EventDate "2010.11.21"]
[EventType "swiss"]
[EventRounds "9"]
[EventCountry "CZE"]
[SourceTitle "CBM 139 Extra"]
[Source "ChessBase"]
[SourceDate "2011.01.05"]
[SourceVersion "1"]
[SourceVersionDate "2011.01.05"]
[SourceQuality "1"]

1. e4 d5 2. exd5 Qxd5 3. Nf3 Bg4 4. Be2 Nf6 5. 0-0 e6 6. Nc3 Qd8 7. Ne5 Bxe2 8. Qxe2 c6 9. Re1 Bd6 10. d4 Qc7 11. Bf4 0-0 12. Ne4 Nxe4 13. Qxe4 Nd7 14. Nxd7 Qxd7 15. Rad1 Rad8 16. Bxd6 Qxd6 17. Rd3 Rd7 18. Rh3 h6 19. c3 Qd5 20. Qh4 Qxa2 21. Rg3 Kh8 22. Qg4 Rg8 23. b4 Rd5 24. Rge3 Qd2 25. Qe4 Rf8 26. Rd3 Qg5 27. c4 Rf5 28. Ra3 Qd2 29. Rf1 a6 30. b5 axb5 31. Rd3 Qc2 32. Qe3 Qxc4 33. g4 Rd5 34. h4 e5 35. g5 Rxd4 36. Rxd4 Qxd4 37. gxh6 Qg4+ 38. Kh2 Qxh4+ 39. Kg2 Qg4+ 40. Kh2 Qf4+ 41. Qxf4 exf4 42. hxg7+ Kxg7 43. Kg2 Kf6 44. Kf3 Re8 45. Kxf4 Re5 46. Rb1 Re6 47. Rh1 b4 48. Rh6+ Ke7 49. Rh7 b3 50. Rh1 c5 51. Rc1 b2 0-1

[Event "Cesky Krumlov op 4th"]
[Site "Cesky Krumlov"]
[Date "2010.11.24"]
[Round "4"]
[White "Nikolaeva, Maria"]
[Black "Nad, Boris"]
[Result "1/2-1/2"]
[WhiteElo "2075"]
[BlackElo "1892"]
[PlyCount "44"]
[EventDate "2010.11.21"]
[EventType "swiss"]
[EventRounds "9"]
[EventCountry "CZE"]
[SourceTitle "CBM 139 Extra"]
[Source "ChessBase"]
[SourceDate "2011.01.05"]
[SourceVersion "1"]
[SourceVersionDate "2011.01.05"]
[SourceQuality "1"]

1. Nf3 f5 2. c4 Nf6 3. g3 e6 4. Bg2 d5 5. 0-0 c6 6. d4 Nbd7 7. cxd5 exd5 8. Bf4 Ne4 9. Ne5 Be7 10. Nc3 0-0 11. Nxd7 Qxd7 12. Qb3 Qe6 13. f3 Nd6 14. e4 fxe4 15. fxe4 Nxe4 16. Rae1 Bf6 17. Nxe4 dxe4 18. Qb4 Qf7 19. Be5 Be6 20. Bxf6 gxf6 21. Bxe4 Rae8 22. b3 Kh8 1/2-1/2

[Event "Zdar nad Sazavou Vysocina op 7th"]
[Site "Zdar nad Sazavou"]
[Date "2010.09.26"]
[Round "2"]
[White "Vesely, Vitek"]
[Black "Nad, Boris"]
[Result "1/2-1/2"]
[WhiteElo "1714"]
[BlackElo "1908"]
[PlyCount "120"]
[EventDate "2010.09.25"]
[EventType "swiss"]
[EventRounds "9"]
[EventCountry "CZE"]
[SourceTitle "CBM 138 Extra"]
[Source "ChessBase"]
[SourceDate "2010.10.29"]
[SourceVersion "1"]
[SourceVersionDate "2010.10.29"]
[SourceQuality "1"]

1. e4 e5 2. Nf3 Nc6 3. Bb5 a6 4. Bxc6 dxc6 5. 0-0 Bd6 6. d4 Bg4 7. dxe5 Bxf3 8. Qxf3 Bxe5 9. Rd1 Qh4 10. g3 Qh3 11. Nd2 0-0-0 12. Nc4 Rxd1+ 13. Qxd1 Bf6 14. c3 h5 15. Bf4 Nh6 16. f3 Be7 17. Qf1 Bc5+ 18. Be3 Bxe3+ 19. Nxe3 Qe6 20. b3 Qe5 21. Qe1 Re8 22. Nc4 Qe7 23. Kf2 Qf6 24. h4 Ng4+ 25. Kg2 Ne5 26. Nxe5 Qxe5 27. Kf2 Rd8 28. Qe3 c5 29. Rc1 Qd6 30. Rc2 Qd1 31. Qe2 Qh1 32. Qf1 Qxf1+ 33. Kxf1 Rd1+ 34. Ke2 Rh1 35. Ke3 Kd7 36. Kf4 Ke6 37. Rd2 c4 38. bxc4 Rc1 39. Rb2 b6 40. Rb3 Kd6 41. Kg5 Rf1 42. f4 Rg1 43. Kxh5 Rxg3 44. a4 Kc5 45. e5 g6+ 46. Kh6 Rg4 47. h5 gxh5 48. Kxh5 Rxf4 49. Kg5 Rf2 50. a5 bxa5 51. Ra3 Kxc4 52. Rxa5 c5 53. Rxa6 Rg2+ 54. Kf5 Kxc3 55. Rf6 Rg7 56. Rc6 c4 57. Rd6 Kc2 58. Kf6 Rh7 59. Rd7 c3 60. e6 fxe6 1/2-1/2

[Event "Cesky Krumlov op 3rd"]
[Site "Cesky Krumlov"]
[Date "2009.11.19"]
[Round "7"]
[White "Stvan, Marek"]
[Black "Nad, Boris"]
[Result "0-1"]
[WhiteElo "1685"]
[BlackElo "1909"]
[PlyCount "56"]
[EventDate "2009.11.14"]
[EventType "swiss"]
[EventRounds "9"]
[EventCountry "CZE"]
[SourceTitle "EXT 2010"]
[Source "ChessBase"]
[SourceDate "2010.11.25"]
[SourceVersion "1"]
[SourceVersionDate "2010.11.25"]
[SourceQuality "1"]

1. e4 e5 2. Nf3 Nc6 3. Bb5 Bc5 4. 0-0 Nd4 5. Nxd4 Bxd4 6. c3 Bb6 7. d4 c6 8. Ba4 d6 9. Bb3 Nf6 10. Bc2 Bg4 11. Qd3 Qe7 12. h3 Bd7 13. Bg5 h6 14. Bh4 g5 15. Bg3 Nh5 16. Rd1 0-0 17. Bh2 Nf4 18. Qf1 Rfd8 19. Na3 g4 20. Bxf4 exf4 21. Kh2 gxh3 22. g3 h5 23. Qd3 h4 24. Rg1 hxg3+ 25. fxg3 Qg5 26. Nc4 Bc7 27. Nd2 f5 28. Nf3 fxg3+ 0-1

[Event "Cesky Krumlov op 3rd"]
[Site "Cesky Krumlov"]
[Date "2009.11.17"]
[Round "4"]
[White "Nad, Boris"]
[Black "Lastovicka, Jan"]
[Result "1-0"]
[WhiteElo "1909"]
[BlackElo "1535"]
[PlyCount "35"]
[EventDate "2009.11.14"]
[EventType "swiss"]
[EventRounds "9"]
[EventCountry "CZE"]
[SourceTitle "EXT 2010"]
[Source "ChessBase"]
[SourceDate "2010.11.25"]
[SourceVersion "1"]
[SourceVersionDate "2010.11.25"]
[SourceQuality "1"]

1. e4 Nh6 2. d4 g6 3. h4 f6 4. Be2 Nf7 5. Be3 Bg7 6. Nc3 0-0 7. f4 d6 8. Nf3 e5 9. Qd2 h6 10. 0-0-0 Nc6 11. Rdg1 Bg4 12. Bc4 f5 13. fxe5 dxe5 14. exf5 Bxf3 15. gxf3 exd4 16. fxg6 Nce5 17. gxf7+ Nxf7 18. Bxd4 1-0

[Event "Prague op-B 07th"]
[Site "Prague"]
[Date "2008.01.17"]
[Round "8"]
[White "Skokan, Frantisek"]
[Black "Nad, Boris"]
[Result "0-1"]
[WhiteElo "1734"]
[BlackElo "1926"]
[PlyCount "98"]
[EventDate "2008.01.11"]
[EventType "swiss"]
[EventRounds "9"]
[EventCountry "CZE"]
[SourceTitle "EXT 2010"]
[Source "ChessBase"]
[SourceDate "2010.11.25"]
[SourceVersion "1"]
[SourceVersionDate "2010.11.25"]
[SourceQuality "1"]

1. d4 Nf6 2. Nf3 g6 3. c4 Bg7 4. Nc3 0-0 5. e4 d6 6. Bd3 Nbd7 7. 0-0 c5 8. d5 Ng4 9. h3 Nge5 10. Nxe5 Nxe5 11. Be2 a6 12. f4 Nd7 13. a4 b6 14. Be3 Bb7 15. Qd2 Qc7 16. Kh1 Rae8 17. f5 Ne5 18. Bh6 f6 19. Bxg7 Kxg7 20. Rf4 g5 21. Rf2 Rh8 22. Nd1 Bc8 23. Ne3 Bd7 24. g4 a5 25. b3 Reg8 26. Rh2 Be8 27. h4 h6 28. Kg2 Qd8 29. Rah1 Bd7 30. Nf1 Be8 31. Ng3 Bf7 32. Kf2 Qe8 33. Qd1 Qf8 34. Ke3 Be8 35. Qf1 Rh7 36. hxg5 fxg5 37. f6+ Qxf6 38. Nf5+ Kf8 39. Nxd6 Qf4+ 40. Qxf4+ gxf4+ 41. Kxf4 exd6 42. Rxh6 Rxh6 43. Rxh6 Rg6 44. Rh8+ Rg8 45. Rh6 Bg6 46. g5 Kg7 47. Bh5 Rf8+ 48. Ke3 Rf1 49. Be2 Rb1 0-1

[Event "Prague op-B 07th"]
[Site "Prague"]
[Date "2008.01.14"]
[Round "4"]
[White "Huth, Oliver"]
[Black "Nad, Boris"]
[Result "0-1"]
[WhiteElo "1854"]
[BlackElo "1926"]
[PlyCount "132"]
[EventDate "2008.01.11"]
[EventType "swiss"]
[EventRounds "9"]
[EventCountry "CZE"]
[SourceTitle "EXT 2010"]
[Source "ChessBase"]
[SourceDate "2010.11.25"]
[SourceVersion "1"]
[SourceVersionDate "2010.11.25"]
[SourceQuality "1"]

1. d4 Nf6 2. g3 c5 3. d5 g6 4. c4 d6 5. Nc3 Bg7 6. Bg2 0-0 7. e4 Bg4 8. Nf3 Re8 9. 0-0 Qd7 10. Re1 e5 11. Qc2 Na6 12. a3 Bh3 13. Bh1 Nc7 14. Ng5 Bg4 15. f3 h6 16. fxg4 hxg5 17. Bxg5 Qxg4 18. Qd2 Qh5 19. Rf1 Ng4 20. Bf3 Qh3 21. Qe2 Nh6 22. Bg2 Qd7 23. Qd2 Kh7 24. Rf2 Rf8 25. Raf1 Ne8 26. Qe2 a6 27. a4 Rb8 28. h4 Qg4 29. Bxh6 Qxe2 30. Nxe2 Bxh6 31. Rxf7+ Rxf7 32. Rxf7+ Kg8 33. Rf3 b5 34. Rb3 b4 35. a5 Nf6 36. Nc3 Be3+ 37. Kh1 Kg7 38. Nd1 Bd4 39. Bf3 Ng8 40. Kg2 Nh6 41. Ne3 Nf7 42. Bg4 Nd8 43. Bd7 Nb7 44. Nd1 Nxa5 45. Rd3 Nxc4 46. b3 Nb6 47. Bc6 Na8 48. Rd2 Nc7 49. Rc2 Nb5 50. Nb2 Bxb2 51. Rxb2 Nc3 52. Rf2 Nxe4 53. Ra2 Rb6 54. Kf3 Nc3 55. Rb2 a5 56. Kg2 Ra6 57. Kf1 Ra7 58. Rf2 Rf7 59. Rxf7+ Kxf7 60. Kf2 Kf6 61. Ke3 e4 62. g4 Ke5 63. h5 gxh5 64. gxh5 Kf5 65. Bd7+ Kg5 66. Be8 Nxd5+ 0-1